000 00535nam a2200181 i 4500
001 113383
003 ES-MaACL
005 20250910063114.0
007 t|
008 061121s1960 sp r ||||1| spa d
100 1 _aPalacios, Julio,
_d1891-1970
_988408
245 1 0 _aRelatividad
_b: una nueva teoría /
_cJulio Palacios.
260 _aMadrid :
_bEspasa-Calpe,
_c1960.
300 _a261 p. :
_bil. ;
_c21 cm.
650 0 4 _aRelatividad (Física)
_916793
852 _aES-MaACL
_jC-18271
_bR.46059
999 _c113383
_d113383